000 00210 a2200109 4500
020 _a9780740773341
041 _aeng
100 _aCindy Mushet
245 _aThe art soul of baking
942 _cBK
952 _71
999 _c19445
_d19445